PFA Players' Player of the Year Winners - Statistics

General Stats
  • This quiz has been taken 1,789 times
    1,110 since last reset
  • The average score is 21 of 43
Answer Stats
Season Club Answer % Correct
2002–03 Arsenal Thierry Henry
91%
2003–04 Arsenal Thierry Henry
91%
2009–10 Manchester United Wayne Rooney
89%
2006–07 Manchester United Cristiano Ronaldo
88%
2007–08 Manchester United Cristiano Ronaldo
88%
2015-16 Leicester City Riyad Mahrez
88%
1994–95 Blackburn Rovers Alan Shearer
87%
1996–97 Newcastle United Alan Shearer
87%
2005–06 Liverpool Steven Gerrard
87%
2013-14 Liverpool Luis Suarez
86%
2014–15 Chelsea Eden Hazard
84%
2008–09 Manchester United Ryan Giggs
79%
2010–11 Tottenham Hotspur Gareth Bale
77%
2012–13 Tottenham Hotspur Gareth Bale
77%
2011–12 Arsenal Robin van Persie
77%
2004–05 Chelsea John Terry
67%
1993–94 Manchester United Eric Cantona
64%
1999–2000 Manchester United Roy Keane
60%
1997–98 Arsenal Dennis Bergkamp
57%
2001–02 Manchester United Ruud van Nistelrooy
54%
1983–84 Liverpool Ian Rush
50%
1995–96 Newcastle United Les Ferdinand
49%
2000–01 Manchester United Teddy Sheringham
47%
1982–83 Liverpool Kenny Dalglish
40%
1985–86 Everton Gary Lineker
32%
1998–99 Tottenham Hotspur David Ginola
31%
1988–89 Manchester United Mark Hughes
28%
1990–91 Manchester United Mark Hughes
28%
1987–88 Liverpool John Barnes
27%
1981–82 Southampton Kevin Keegan
27%
1991–92 Manchester United Gary Pallister
13%
1976–77 Aston Villa Andy Gray
12%
1992–93 Aston Villa Paul McGrath
12%
1984–85 Everton Peter Reid
10%
1986–87 Tottenham Hotspur Clive Allen
9%
1980–81 Ipswich Town John Wark
9%
1978–79 Arsenal Liam Brady
9%
1973–74 Leeds United Norman Hunter
9%
1977–78 Nottingham Forest Peter Shilton
9%
1989–90 Aston Villa David Platt
8%
1979–80 Liverpool Terry McDermott
7%
1974–75 Derby County Colin Todd
6%
1975–76 Tottenham Hotspur Pat Jennings
4%
No matching quizzes found
Score Distribution
Percent of People with Each Score
Percentile by Number Answered
Your Score History
You have not taken this quiz since the last reset